000
00302nam a2200121Ia 4500
008
190216s9999||||xx |||||||||||||| ||und||
100
_a
Mehrotra H C & Gyal Sp
245
0
_a
Wealth Tax And Central Sales Tax
260
_b
Sahitya Bhawan
_c
2003
300
_a
56p
650
_a
Economics
942
_c
BK
999
_c
10673
_d
10673